| 000 | 00475nam a2200145Ia 4500 | ||
|---|---|---|---|
| 008 | 220217s9999 xx 000 0 und d | ||
| 245 | 0 | _aTesting of rubber and elastomers. Quantitative determination of polymers: Determination of the chlorobutyl rubber content | |
| 260 | _c1976 | ||
| 500 | _aStandard number: DIN 53 621 Part 5 | ||
| 650 | _aChlorobutyl rubber content | ||
| 650 | _aElastomers | ||
| 650 | _aPolymers | ||
| 650 | _aQuantitative determination | ||
| 942 | _cST | ||
| 999 |
_c73378 _d73378 |
||